Basic Words - C - Statistics

General Stats
  • This quiz has been taken 53 times
  • The average score is 10 of 10
Answer Stats
Hint Answer % Correct
Very common way of transportation Car
100%
Sleepy pet that hates dogs Cat
100%
Funny circus guy, also depicted to be scary Clown
100%
Animal that goes "Moo!" Cow
100%
Prickly desert plant Cactus
98%
Typical birthday food Cake
98%
Also known as sweets or lollies in other countries Candy
96%
Rabbit's favourite food Carrot
96%
Large reptile with a long mouth Crocodile
93%
Sidestepping crustacean Crab
87%
No matching quizzes found
Score Distribution
Percent of People with Each Score
Percentile by Number Answered
Your Score History
You have not taken this quiz